000 00948nam a22002297a 4500
003 BD-DhUL
005 20161016160326.0
008 160522s1993 bg |||| |||| 001 0 ben d
020 _a9788192318929
040 _aBD-DhUL
_cBD-DhUL
082 _a778.53095492
_bQUB
100 1 _aকাদের, মির্জা তারেকুল
245 1 0 _aবাংলাদেশের চলচ্চিত্র শিল্প /
_cমির্জা তারেকুল কাদের
260 _aঢাকা :
_bবাংলা একাডেমী ,
_c১৯৯৩.
300 _a৭৩৭পৃ. :
_bচিত্রিত ;
_c২৫ সে.মি.
365 _aBDT
_b20.00
504 _aগ্রন্থপঞ্জি : পৃ. ১৭৯
504 _aনির্ঘণ্ট সংবলিত
650 0 _aচলচ্চিত্র - বাংলাদেশ
650 0 _2Movies - Bangladesh
942 _2ddc
_cBK
999 _c109400
_d109400